| 000 | 01597nam a22002657a 4500 | ||
|---|---|---|---|
| 999 |
_c60604 _d60604 |
||
| 003 | Ge_BSU | ||
| 005 | 20230919101339.0 | ||
| 008 | 230919s2023 ge ||||| |||| 00| 0 geo d | ||
| 020 | _a9789941488689 | ||
| 041 | _ageo | ||
| 080 | _a070 კ-73 | ||
| 245 |
_aკონვერგენტული ჟურნალისტიკა : _bშესავალი. წერა და პროდიუსირება მედიაში / _cრედ.: ვინსენტ ფ. ფილაკი, მ. შამილიშვილი; მთარგმნელი მ. კორინთელი. |
||
| 250 | _aპირველი ქართული გამოცემა | ||
| 264 |
_aბათუმი : _bბათუმის შოთა რუსთაველის სახელმწიფო უნივერსიტეტი, _c2023. |
||
| 300 |
_a260 გვ.; _b19 ცმ. |
||
| 500 | _aპროექტი დაფინანსებულია Bulgarian Development Aid-ის მიერ | ||
| 653 | _aმედია | ||
| 653 | _aჟურნალისტიკა | ||
| 653 | _aკონვერგენტული ჟურნალისტიკა | ||
| 653 | _aპროდიუსირება მედიაში | ||
| 700 |
_aფილაკი, ვინსენტ ფ. _eრედაქტორი _919835 |
||
| 700 |
_aშამილიშვილი, მ. _eრედაქტორი _919836 |
||
| 700 |
_aკორინთელი, მ. _eმთარგმნელი _919837 |
||
| 942 |
_2udc _cBK |
||